Personaggi di The Office - Morte improvvisa - Statistics

Statistiche generali
  • Questo quiz è stato fatto 139 volte
  • Il punteggio medio è 7 su 10
Answers on the Grid
Answers color-coded by a green-red scale on the quiz's grid according to % correct below.
Jack Geller
Carol Willick
Emily Waltham
Kelly Kapoor
Creed Bratton
Oscar Martinez
Angela Martin
Kevin Malone
Pam Beesly
Andy Bernard
Michael Scott
Dwight Schrute
Ryan Howard
Jay Pritchett
Haley Dunphy
Dylan Marshall
Jessica Wicks
Stuart Bloom
Judy Eriksen
Stella Zinman
Sandy Rivers
Gina Linetti
Charles Boyle
Doug Judy
Garrett McNeill
Dina Fox
Jonah Simms
Diane Lewis
 
Statistiche sulle risposte
Risposta % Corretto
Angela Martin
78%
Michael Scott
77%
Dwight Schrute
74%
Oscar Martinez
74%
Kelly Kapoor
66%
Kevin Malone
65%
Ryan Howard
65%
Pam Beesly
63%
Andy Bernard
62%
Creed Bratton
60%
Nessun quiz corrispondente trovato
Distribuzione punteggi
Percentuale di utenti per punteggio
Percentile per numero di risposta
I tuoi punteggi nel tempo
Non hai fatto questo quiz